000 00881nam a2200205Ia 4500
001 17139
003 GE_BSU
008 181216s||||||||xx |||||||||||||| ||und||
040 _cGE_BSU
080 _a821.353.1-311
100 _aგამსახურდია, კ. (კონსტანტინე, 1891-1975)
245 _aრჩეული თხზულებანი : რვატომეული. ტ. 4 : დავით აღმაშენებელი
245 _cსარედ. კოლ.: ირაკლი აბაშიძე, სერგი ჭილაია, გიორგი ნატროშვილი
260 _aთბილისი
260 _bსაბჭ. საქართველო
260 _c1962
300 _a809 გვ.23 სმ
653 _aდავით აღმაშენებელი
942 _cBK
999 _c50201
_d50201